|
|
|
|
| LEADER |
00928nam a2200253 a 4500 |
| 001 |
12463722 |
| 005 |
20070727200859.0 |
| 008 |
090518s2003 maua b 001 0 eng d |
| 010 |
|
|
|a 2001044172
|
| 020 |
|
|
|a 007231592X (alk. paper)
|
| 040 |
|
|
|a DLC
|c DLC
|d C#P
|d DLC
|
| 082 |
0 |
0 |
|a 572
|2 21
|
| 100 |
1 |
|
|a McKee, Trudy.
|
| 245 |
1 |
0 |
|a Biochemistry :
|b the molecular basis of life /
|c Trudy McKee, James R. McKee.
|
| 250 |
|
|
|a 3rd ed.
|
| 260 |
|
|
|a Boston :
|b McGraw-Hill,
|c c2003.
|
| 300 |
|
|
|a xxi, 771 p. :
|b ill. (chiefly col.) ;
|c 29 cm.
|
| 500 |
|
|
|a Includes bibliographical references and index.
|
| 541 |
1 |
|
|e 00016354
|
| 650 |
|
0 |
|a Biochemistry.
|
| 700 |
1 |
|
|a McKee, James R.
|q (James Robert),
|d 1946-
|
| 852 |
4 |
|
|a Ayesha Abed library
|j Generl Shelf
|
| 999 |
|
|
|c 860
|d 860
|
| 952 |
|
|
|0 0
|1 0
|2 ddc
|4 0
|6 572_MCK_200300000000000
|7 0
|9 799
|a BRACUL
|b BRACUL
|c GEN
|d 2009-05-19
|l 30
|m 205
|o 572 MCK
|p 3010016354
|r 2025-12-07
|s 2025-11-24
|t 1
|w 2009-05-19
|y BK
|